Higher education to 2030

Salvato in:
Dettagli Bibliografici
Ente Autore: Centre for Educational Research and Innovation (OECD)
Natura: Libro
Lingua:inglese
Pubblicazione: Paris OECD 2009
Soggetti:
Tags: Aggiungi Tag
Nessun Tag, puoi essere il primo ad aggiungerne!!

MARC

LEADER 00000nam$a2200000$$$4500
001 0109247
005 20240109072338.5
020 |a 978-92-64-05660-2 
041 0 |a eng 
044 |a FR 
245 1 0 |a Higher education to 2030 
264 1 |a Paris  |b OECD  |c 2009 
300 |a 355 s. 
610 2 0 |a vzdelanie vysokoškolské 
610 2 0 |a školy vysoké 
610 2 0 |a univerzity 
610 2 0 |a globalizácia 
610 2 0 |a vzdelávanie 
610 2 0 |a študenti 
610 2 0 |a učitelia 
610 2 0 |a štatistika medzinárodná 
610 2 0 |a porovnanie medzinárodné 
610 2 0 |a prognózy 
710 2 |a Centre for Educational Research and Innovation (OECD)